Catàleg del Col·legi de Periodistes de Catalunya

100 años de radio : (Registre núm. 8011)

000 -CABECERA
Longitud fija campo de control 01240cam a2200337 a 4500
001 - NÚMERO DE CONTROL
Número de control 991061134663706706
003 - IDENTIFICADOR DEL NÚMERO DE CONTROL
Identificador del número de control OSt
005 - FECHA Y HORA DE LA ÚLTIMA TRANSACCIÓN
Fecha y hora de la última transacción 20241230114119.0
008 - CÓDIGOS DE INFORMACIÓN DE LONGITUD FIJA
Códigos de información de longitud fija 160504s20162024sp a||||||||||000|0 spa|c
017 ## - NÚMERO DE COPYRIGHT O DE DEPÓSITO LEGAL
Número de copyright o de depósito legal DL M 11845-2024
Agencia que asigna el número Oficina DL Madrid
035 ## - NÚMERO DE CONTROL DEL SISTEMA
Número de control del sistema (OCoLC)1450766017
040 ## - FUENTE DE LA CATALOGACIÓN
Centro catalogador de origen ES-BaUB
Lengua de catalogación cat
Centro transcriptor CDMR
080 ## - NÚMERO DE LA CLASIFICACIÓN DECIMAL UNIVERSAL
Número de la Clasificación Decimal Universal 654
245 00 - MENCIÓN DE TÍTULO
Título 100 años de radio :
Resto del título 1924-2024 /
Mención de responsabilidad, etc. Cadena Ser
246 13 - VARIANTES DE TÍTULO
Título propio / Título en breve Cien años de radio
246 13 - VARIANTES DE TÍTULO
Título propio / Título en breve 1924-2024, 100 años de radio
246 13 - VARIANTES DE TÍTULO
Título propio / Título en breve SER 100
264 #1 - PRODUCCIÓN, PUBLICACIÓN , DISTRIBUCIÓN, FABRICACIÓN Y COPYRIGHT
Lugar de producción, publicación, distribución, fabricación Madrid :
Nombre del productor, editor, distribuidor, fabricante Cadena Ser,
Fecha de de producción, publicación, distribución, fabricación o copyright 2024
300 ## - DESCRIPCIÓN FÍSICA
Extensión 242 pàgines :
Otras características físicas il·lustracions a color ;
Dimensiones 28 cm
500 ## - NOTA GENERAL
Nota general Pubicació especial amb motiu del centenari de Ràdio Barcelona
500 ## - NOTA GENERAL
Nota general "Esta revista conmemora el centenario de la concesión de la primera licencia de radio en España, EAJ-1 Radio Barcelona, embrión de Unión Radio y posterior Cadena SER"-- p. 8
500 ## - NOTA GENERAL
Nota general Al llom: "SER 100. Mayo 2024"
610 27 - PUNTO DE ACCESO ADICIONAL DE MATERIA - NOMBRE DE ENTIDAD CORPORATIVA
Nombre de entidad corporativa o nombre de jurisdicción como elemento inicial Cadena SER
Fuente de encabezamiento o término cantic
Subdivisió,n de materia general Història
610 27 - PUNTO DE ACCESO ADICIONAL DE MATERIA - NOMBRE DE ENTIDAD CORPORATIVA
Nombre de entidad corporativa o nombre de jurisdicción como elemento inicial Ràdio Barcelona
Fuente de encabezamiento o término lemac
Subdivisió,n de materia general Història
650 #7 - PUNTO DE ACCESO ADICIONAL DE MATERIA - TÉRMINO DE MATERIA
Término de materia o nombre geográfico como elemento inicial Radioemissores
Subdivisión geográfica Catalunya
Subdivisión de materia general Història.
Fuente del encabezamiento o término lemac
650 #7 - PUNTO DE ACCESO ADICIONAL DE MATERIA - TÉRMINO DE MATERIA
Término de materia o nombre geográfico como elemento inicial Radioemissores
Subdivisión geográfica Espanya
Subdivisión de materia general Història.
Fuente del encabezamiento o término lemac
710 2# - PUNTO DE ACCESO ADICIONAL - NOMBRE DE ENTIDAD
Nombre de entidad o nombre de jurisdicción como elemento inicial Cadena SER
908 ## - CONTROL DE PARÁMETROS (RLIN)
Parametro de comando lanzado UB
-- URL
-- UAB
-- BC
940 ## -
T&íacute;tulo uniforme <a href="UB">UB</a>
942 ## - ENTRADA DE ELEMENTOS AGREGADOS (KOHA)
Fuente de clasificaión o esquema
Koha [por defecto] tipo de item Monografies
Fons
Suprimido Perdido Estropeado No para pr&eacute;stamo Localizaci&oacute;n permanente Localizaci&oacute;n actual Fecha adquisici&oacute;n Fuente de adquisici&oacute;n Signatura completa C&oacute;digo de barras Fecha &uacute;ltima consulta Fecha del precio de reemplazo Tipo de item de Koha
        Centre de Documentació Montserrat Roig Centre de Documentació Montserrat Roig 2024-12-30 Donació Es /28 CDMR24120006 2024-12-30 2024-12-30 Monografies

Implantat amb Koha